Statistics for The Weeknd Charting Songs (Billboard Club Play)

Click here to take the quiz!

General Stats

  • This quiz has been taken 17 times
  • The average score is 6 of 9

Answer Stats

AlbumWeeks OnPeakArtist(s)Song% Correct
Starboy17 Weeks#2The Weeknd ft. Daft PunkStarboy
100%
Beauty Behind the Madness6 Weeks#41The WeekndThe Hills
80%
Hyperion11 Weeks#6Gesaffelstein & The WeekndLost in the Fire
73%
Starboy14 Weeks#12The Weeknd ft. Daft PunkI Feel It Coming
67%
Black Panther: The Album - Music from and Inspired By3 Weeks#47The Weeknd & Kendrick LamarPray for Me
67%
After Hours2 Weeks#44The WeekndBlinding Lights
60%
Beauty Behind the Madness15 Weeks#20The WeekndCan't Feel My Face
60%
My Everything12 Weeks#20Ariana Grande & The WeekndLove Me Harder
60%
Beauty Behind the Madness8 Weeks#34The WeekndIn the Night
27%

Score Distribution

Percentile by Number Answered

Percent of People with Each Score

Your Score History

You have not taken this quiz